01560 2200541 4500001002100000005001500021035002000036007000300056008004100059020002200100040002200122082001600144084001600160090001800176090001900194100003200213245010400245250002500349300003700374650002600411700002900437700003000466850001200496264003600508336002100544337003000565338002300595990002000618990002000638990002000658990002000678990002000698990002000718990002000738990002000758990002000778990002000798990002000818990002000838990002000858990002000878990002000898990002000918990002000938990002000958990002000978990002000998INLIS00000000085161820191009034306 a0010-1019000345ta191009s2019 jbia a ind d a978-602-472-070-4 aYOPDYOGbinderda042[23]a028.5 a028.5 BEB m aK 028.5 BEB m aPK 028.5 BEB m0 aBeby Haryanti DewiePenulis01aMuhammad nabiku /cPenulis, Beby Haryanti Dewi; Ilustrator, Ade Prihatna; Editor, Wiwien Widyawanti aCetakan II, Mei 2019 a22 halaman :bilustrasi ;c17 cm 0aBacaan anak bergambar0 aAde PrihatnaeIlustrator0 aWiwien WidyawantieEditor aYOPDYOG 1aBandung :bPelangi Mizan,c2019 2rdacontentateks 2rdamediaatanpa perantara 2rdacarrieravolume a39319-PD/B.2019 a39318-PD/B.2019 a39317-PD/B.2019 a39316-PD/B.2019 a39316-PD/B.2019 a39319-PD/B.2019 a39318-PD/B.2019 a39317-PD/B.2019 a39317-PD/B.2019 a39319-PD/B.2019 a39318-PD/B.2019 a39316-PD/B.2019 a39318-PD/B.2019 a39319-PD/B.2019 a39317-PD/B.2019 a39316-PD/B.2019 a39319-PD/B.2019 a39318-PD/B.2019 a39317-PD/B.2019 a39316-PD/B.2019